000
00309nam a22001097a 4500
040
_c
RUA
082
_a
FRA MAR 1983 C227 Or.
100
_a
Mars-Avril.
245
_a
Recueil de Publications sur L'agrculture et la societe rural cambodgiennes.(Periode 1980-1996)
260
_a
phnom penh
_b
rua
_c
1983
942
_c
EK
999
_c
21327
_d
21327